| 000 | 00830cab a2200253 4500 | ||
|---|---|---|---|
| 001 | ABS55538 | ||
| 008 | 090401t1996 xxu||||| |||| 00| 0 eng d | ||
| 035 | _a(Sirsi) u17210 | ||
| 041 | _aeng | ||
| 100 | _aStokdyk, J. | ||
| 245 | _aQuick fit kit | ||
| 260 | _c1996 | ||
| 350 | _a0 | ||
| 490 |
_aBuilding Homes _v(6) August 1996, 44-46(3) |
||
| 520 | _aDescribes the latest generation of housebuilding software that `builds houses on computer` and evaluates what a house type will cost down to the fixings. Includes product names and suppliers. | ||
| 650 | _aBUILT ENVIRONMENT-BUILDING COSTS | ||
| 650 | _aCAD | ||
| 650 | _aCOMPUTER AIDED DESIGN | ||
| 650 | _aHOUSE BUILDING | ||
| 650 | _aSOFTWARE PACKAGES | ||
| 690 | _aMANAGEMENT-BUSINESS MANAGEMENT-INFORMATION MANAGEMENT | ||
| 942 | _n0 | ||
| 948 | _c04/03/1997 | ||
| 999 |
_c11413 _d11413 |
||